250 SJTs for foundation year entry / (Record no. 118168)

MARC details
000 -LEADER
fixed length control field 00697cam a22002414a 4500
008 - FIXED-LENGTH DATA ELEMENTS--GENERAL INFORMATION
fixed length control field
020 ## - INTERNATIONAL STANDARD BOOK NUMBER
International Standard Book Number 9781905812165 (pbk.)
049 ## - LOCAL HOLDINGS (OCLC)
Holding library MAIN
090 ## - LOCALLY ASSIGNED LC-TYPE CALL NUMBER (OCLC); LOCAL CALL NUMBER (RLIN)
Classification number (OCLC) (R) ; Classification number, CALL (RLIN) (NR) R729
Local cutter number (OCLC) ; Book number/undivided call number, CALL (RLIN) PIC
003 - CONTROL NUMBER IDENTIFIER
control field
005 - DATE AND TIME OF LATEST TRANSACTION
control field 20230120204145.0
040 ## - CATALOGING SOURCE
Transcribing agency NUST
100 1# - MAIN ENTRY--PERSONAL NAME
Personal name Picard, Olivier.
245 10 - TITLE STATEMENT
Title 250 SJTs for foundation year entry /
Statement of responsibility, etc. Olivier Picard, Gail Allsopp and Lydia Campbell.
260 ## - PUBLICATION, DISTRIBUTION, ETC.
Place of publication, distribution, etc. London :
Name of publisher, distributor, etc. ISC Medical,
Date of publication, distribution, etc. 2012.
300 ## - PHYSICAL DESCRIPTION
Extent 484 p. :
Other physical details ill. ;
Dimensions 21 cm.
650 ## - SUBJECT ADDED ENTRY--TOPICAL TERM
Topical term or geographic name entry element Family medicine.
650 ## - SUBJECT ADDED ENTRY--TOPICAL TERM
Topical term or geographic name entry element Clinical medicine.
700 1# - ADDED ENTRY--PERSONAL NAME
Personal name Allsopp, Gail.
700 ## - ADDED ENTRY--PERSONAL NAME
Personal name Campbell, Lydia.
907 ## - LOCAL DATA ELEMENT G, LDG (RLIN)
a .b10353926
b 27-01-15
c 26-01-15
942 ## - ADDED ENTRY ELEMENTS (KOHA)
Koha item type Ordinary Loan Books
Call number prefix R729
Call number suffix PIC
Holdings
Date last seen Total Checkouts Full call number Barcode Cost, replacement price Price effective from Koha item type Lost status Source of classification or shelving scheme Damaged status Not for loan Collection Withdrawn status Home library Current library Shelving location Date acquired Cost, normal purchase price
01/20/2023   R729 PIC 92004039172 80.00 01/20/2023 BOOKS   lcc     NFIC   Medical Medical GEN 01/20/2023 80.00